[Event "Quebec-ch Senior"]
[Site "Montreal CAN"]
[Date "2017.04.22"]
[Round "2"]
[White "Kozlov, Guennadi"]
[Black "Bureau, Robert"]
[Result "1-0"]
[WhiteElo "1740"]
[BlackElo "1404"]
[WhiteFideId "-1"]
[WhiteFideId "-1"]
[PlyCount "51"]
[GameId "2160767908411759"]
[EventDate "2017.04.21"]
[EventType "swiss"]
[EventRounds "1"]
[EventCountry "CAN"]
[SourceTitle "EXT 2022"]
[Source "ChessBase"]
[SourceDate "2021.10.06"]
[SourceVersion "1"]
[SourceVersionDate "2021.10.06"]
[SourceQuality "1"]

1. e4 e5 2. f4 exf4 3. Nf3 d6 4. d4 g5 5. h4 g4 6. Ng1 Bh6 7. Ne2 Qf6 8. Nec3 c6 9. Qd3 f3 10. Bxh6 Nxh6 11. Qe3 Kf8 12. Nd2 Be6 13. O-O-O Ng8 14. gxf3 gxf3 15. Nxf3 Bg4 16. Be2 Bxf3 17. Bxf3 Ne7 18. Rdf1 Ng6 19. Bh5 Qg7 20. e5 dxe5 21. dxe5 Qxe5 22. Qf3 Qg7 23. Qf5 Na6 24. Ne4 Rd8 25. Ng5 Rd5 26. Ne6+ 1-0

[Event "Quebec-ch Senior"]
[Site "Montreal CAN"]
[Date "2017.04.22"]
[Round "2"]
[White "Lesage, Philippe"]
[Black "Morin, Louis"]
[Result "1/2-1/2"]
[WhiteElo "1706"]
[BlackElo "1912"]
[WhiteFideId "-1"]
[WhiteFideId "-1"]
[PlyCount "81"]
[GameId "2160767908411761"]
[EventDate "2017.04.21"]
[EventType "swiss"]
[EventRounds "1"]
[EventCountry "CAN"]
[SourceTitle "EXT 2022"]
[Source "ChessBase"]
[SourceDate "2021.10.06"]
[SourceVersion "1"]
[SourceVersionDate "2021.10.06"]
[SourceQuality "1"]

1. c4 e6 2. Nf3 d5 3. g3 Nf6 4. Bg2 Be7 5. O-O O-O 6. d4 Nbd7 7. Nc3 Nb6 8. c5 Nbd7 9. Bf4 c6 10. b4 Ne8 11. e4 g5 12. Be3 f5 13. Qd2 dxe4 14. Nxg5 Ndf6 15. Nh3 Nd5 16. Bh6 Ng7 17. f3 Bf6 18. Ne2 exf3 19. Bxf3 e5 20. dxe5 Bxe5 21. Rad1 Be6 22. Nd4 Bxd4+ 23. Qxd4 Qf6 24. Qxf6 Rxf6 25. Bxg7 Kxg7 26. Bxd5 Bxd5 27. Nf4 Bf7 28. Rd7 Kg8 29. a3 b6 30. Rfd1 Be8 31. Rd8 Rxd8 32. Rxd8 Kf8 33. Ra8 bxc5 34. bxc5 Rf7 35. Ne6+ Ke7 36. Nf4 Bd7 37. Rxa7 Rf8 38. Nd3 Ke6 39. Nf4+ Ke7 40. Nd3 Ke6 41. Nf4+ 1/2-1/2

[Event "Quebec-ch Senior"]
[Site "Montreal CAN"]
[Date "2017.04.22"]
[Round "2"]
[White "Molloy, Francis"]
[Black "Chira, Dan"]
[Result "1/2-1/2"]
[WhiteElo "1550"]
[BlackElo "1488"]
[WhiteFideId "-1"]
[WhiteFideId "-1"]
[PlyCount "60"]
[GameId "2160767908411762"]
[EventDate "2017.04.21"]
[EventType "swiss"]
[EventRounds "1"]
[EventCountry "CAN"]
[SourceTitle "EXT 2022"]
[Source "ChessBase"]
[SourceDate "2021.10.06"]
[SourceVersion "1"]
[SourceVersionDate "2021.10.06"]
[SourceQuality "1"]

1. Nf3 Nf6 2. d4 d5 3. c4 e6 4. e3 Bb4+ 5. Nbd2 O-O 6. a3 Be7 7. Bd3 c5 8. dxc5 dxc4 9. Nxc4 Bxc5 10. b4 Be7 11. O-O Bd7 12. Nce5 Qc7 13. Bb2 a6 14. Rc1 Qd8 15. Qc2 Bb5 16. Rfd1 Bxd3 17. Rxd3 Qe8 18. Rcd1 Nc6 19. Nd7 Nxd7 20. Rxd7 Rb8 21. Ne5 Rc8 22. Qd2 f6 23. Nxc6 bxc6 24. Qe2 c5 25. bxc5 Bxc5 26. Qxa6 Rf7 27. Qb7 Rxd7 28. Rxd7 Bf8 29. Rd2 Rb8 30. Qa6 Ra8 1/2-1/2

[Event "Quebec-ch Senior"]
[Site "Montreal CAN"]
[Date "2017.04.22"]
[Round "2"]
[White "Rabutki, Dimitri"]
[Black "Hebert, Mario"]
[Result "1-0"]
[WhiteElo "1440"]
[BlackElo "1613"]
[WhiteFideId "-1"]
[WhiteFideId "-1"]
[PlyCount "87"]
[GameId "2160767908411763"]
[EventDate "2017.04.21"]
[EventType "swiss"]
[EventRounds "1"]
[EventCountry "CAN"]

1. e4 e6 2. d4 d5 3. e5 c5 4. c3 Qb6 5. f4 Bd7 6. Nf3 Bb5 7. Bxb5+ Qxb5 8. Qe2 Qxe2+ 9. Kxe2 Nc6 10. a3 c4 11. Nbd2 h5 12. Rb1 Rc8 13. b4 cxb3 14. Rxb3 Na5 15. Rb5 b6 16. Kd3 Ne7 17. Bb2 Nf5 18. Rc1 Be7 19. c4 dxc4+ 20. Nxc4 Nxc4 21. Rxc4 O-O 22. Rb3 Rxc4 23. Kxc4 Rc8+ 24. Kb5 Rc2 25. Ka6 Rxg2 26. Kxa7 Nh4 27. Nxh4 Bxh4 28. Rxb6 Rxh2 29. a4 Be1 30. Ba3 Bc3 31. Rb3 Bxd4+ 32. Kb7 Re2 33. a5 Re3 34. Rxe3 Bxe3 35. Be7 Kh7 36. a6 Kg6 37. Kc6 Bxf4 38. a7 Bxe5 39. a8=Q Kf5 40. Bd6 Bxd6 41. Kxd6 g5 42. Qf3+ Kg6 43. Ke5 f5 44. Kxe6 1-0

[Event "Quebec-ch Senior"]
[Site "Montreal CAN"]
[Date "2017.04.22"]
[Round "3"]
[White "Blanchette, Rene"]
[Black "Rabutki, Dimitri"]
[Result "1-0"]
[WhiteElo "1719"]
[BlackElo "1440"]
[WhiteFideId "-1"]
[WhiteFideId "-1"]
[PlyCount "87"]
[GameId "2160767908411764"]
[EventDate "2017.04.21"]
[EventType "swiss"]
[EventRounds "1"]
[EventCountry "CAN"]

1. e4 e5 2. Nf3 d6 3. c3 Bg4 4. d4 Nd7 5. Bc4 h6 6. O-O Qf6 7. Nbd2 O-O-O 8. Qb3 Be6 9. a4 g5 10. a5 Bxc4 11. Qxc4 Ne7 12. a6 b6 13. b4 Bg7 14. Nb3 g4 15. Ne1 h5 16. f4 gxf3 17. Nxf3 Qe6 18. Qxe6 fxe6 19. Ng5 Rdg8 20. Rf7 Bf6 21. h4 exd4 22. cxd4 Kd8 23. Be3 Ke8 24. Rf1 Rg6 25. e5 dxe5 26. dxe5 Bxe5 27. Nd4 Bxd4 28. Bxd4 Rf8 29. Rxf8+ Nxf8 30. Be5 Nd5 31. b5 Nd7 32. Re1 Nxe5 33. Rxe5 Ke7 34. Ne4 Rg4 35. g3 Nf6 36. Ng5 Rxg3+ 37. Kf1 Nd7 38. Rxe6+ Kf8 39. Rc6 Ke8 40. Rxc7 Kd8 41. Rxa7 Kc8 42. Ne6 Rh3 43. Ra8+ Nb8 44. a7 1-0

[Event "Quebec-ch Senior"]
[Site "Montreal CAN"]
[Date "2017.04.22"]
[Round "3"]
[White "Bureau, Robert"]
[Black "Bergeron, Jean-Guy"]
[Result "0-1"]
[WhiteElo "1404"]
[BlackElo "1448"]
[WhiteFideId "-1"]
[WhiteFideId "-1"]
[PlyCount "124"]
[GameId "2160767908411766"]
[EventDate "2017.04.21"]
[EventType "swiss"]
[EventRounds "1"]
[EventCountry "CAN"]
[SourceTitle "EXT 2022"]
[Source "ChessBase"]
[SourceDate "2021.10.06"]
[SourceVersion "1"]
[SourceVersionDate "2021.10.06"]
[SourceQuality "1"]

1. e4 g6 2. d4 c6 3. Nf3 d5 4. Nc3 dxe4 5. Nxe4 Bg7 6. Bc4 Nf6 7. Nxf6+ exf6 8. Qe2+ Kf8 9. O-O Bg4 10. c3 Nd7 11. h3 Bxf3 12. Qxf3 Nb6 13. Bb3 a5 14. a3 a4 15. Ba2 h5 16. Re1 Ra5 17. Qd3 f5 18. Bd2 Rb5 19. Rab1 Re5 20. Rxe5 Bxe5 21. Rd1 Bf6 22. Bf4 Kg7 23. d5 cxd5 24. Bxd5 Nxd5 25. Qxd5 Qb6 26. Be5 Re8 27. Bxf6+ Kxf6 28. Qd4+ Qxd4 29. cxd4 Re2 30. d5 Ke7 31. Rd4 Rxb2 32. Rxa4 Kd6 33. Rd4 Rb5 34. Kf1 Rxd5 35. Ra4 Kc6 36. Ke2 Kb6 37. Ke3 Ra5 38. Rb4+ Rb5 39. Kd4 Rxb4+ 40. axb4 Kb5 41. Kc3 Ka4 42. Kc4 b5+ 43. Kc5 g5 44. g3 f6 45. f4 h4 46. gxh4 gxh4 47. Kd6 Kxb4 48. Ke6 Kc5 49. Kxf6 b4 50. Kxf5 b3 51. Kg4 b2 52. Kxh4 b1=Q 53. Kg5 Qg1+ 54. Kh5 Qe3 55. Kg4 Kd6 56. h4 Qe2+ 57. Kg5 Qe7+ 58. Kg4 Qg7+ 59. Kf5 Ke7 60. h5 Kf7 61. Ke4 Qh7+ 62. f5 Kf6 0-1

[Event "Quebec-ch Senior"]
[Site "Montreal CAN"]
[Date "2017.04.22"]
[Round "3"]
[White "Gauthier, Denis"]
[Black "Lesage, Philippe"]
[Result "1-0"]
[WhiteElo "2022"]
[BlackElo "1706"]
[WhiteFideId "-1"]
[WhiteFideId "-1"]
[PlyCount "73"]
[GameId "2160767908411767"]
[EventDate "2017.04.21"]
[EventType "swiss"]
[EventRounds "1"]
[EventCountry "CAN"]
[SourceTitle "EXT 2022"]
[Source "ChessBase"]
[SourceDate "2021.10.06"]
[SourceVersion "1"]
[SourceVersionDate "2021.10.06"]
[SourceQuality "1"]

1. d4 Nf6 2. c4 e6 3. Nf3 Bb4+ 4. Nbd2 b6 5. a3 Bxd2+ 6. Bxd2 Bb7 7. Bg5 h6 8. Bh4 d6 9. e3 Nbd7 10. Be2 Qc8 11. b4 Ne4 12. Qc2 c5 13. O-O O-O 14. Nd2 Nxd2 15. Qxd2 Qc7 16. Rfd1 cxb4 17. axb4 Be4 18. Ra3 a6 19. Rda1 Nf6 20. Bxf6 gxf6 21. f3 Bb7 22. e4 Kh7 23. Qf4 Qe7 24. Bd3 Rad8 25. Qh4 Rde8 26. e5+ Kg7 27. Qg3+ Kh8 28. exd6 Qd7 29. Qf4 Kg7 30. c5 bxc5 31. dxc5 f5 32. Bxa6 Bc6 33. Bd3 Ra8 34. Rxa8 Rxa8 35. Rxa8 Bxa8 36. b5 Qa7 37. Qd4+ 1-0

[Event "Quebec-ch Senior"]
[Site "Montreal CAN"]
[Date "2017.04.22"]
[Round "3"]
[White "Gauthier, Luc"]
[Black "Chira, Dan"]
[Result "1/2-1/2"]
[WhiteElo "1699"]
[BlackElo "1488"]
[WhiteFideId "-1"]
[WhiteFideId "-1"]
[PlyCount "58"]
[GameId "2160767908411768"]
[EventDate "2017.04.21"]
[EventType "swiss"]
[EventRounds "1"]
[EventCountry "CAN"]
[SourceTitle "EXT 2022"]
[Source "ChessBase"]
[SourceDate "2021.10.06"]
[SourceVersion "1"]
[SourceVersionDate "2021.10.06"]
[SourceQuality "1"]

1. e4 c5 2. Nc3 a6 3. g3 d6 4. d3 Nf6 5. Bg2 Nc6 6. f4 Bg4 7. Nf3 Nd4 8. h3 Bxf3 9. Bxf3 Rb8 10. Bg2 e6 11. Be3 g6 12. Qd2 Bg7 13. Nd1 b5 14. c3 Nh5 15. Qf2 Nxg3 16. cxd4 Nxh1 17. Bxh1 Bf6 18. Ke2 cxd4 19. Bxd4 Bxd4 20. Qxd4 O-O 21. Qg1 Rc8 22. Ne3 Qf6 23. Rb1 Qxf4 24. d4 Rc7 25. Rf1 Qh6 26. Qg3 Rfc8 27. Kd3 Qf8 28. Ng4 f5 29. exf5 exf5 1/2-1/2

[Event "Quebec-ch Senior"]
[Site "Montreal CAN"]
[Date "2017.04.22"]
[Round "3"]
[White "Millette, Sylvain"]
[Black "Hebert, Mario"]
[Result "1-0"]
[WhiteElo "1687"]
[BlackElo "1613"]
[WhiteFideId "-1"]
[WhiteFideId "-1"]
[PlyCount "101"]
[GameId "2160767908411769"]
[EventDate "2017.04.21"]
[EventType "swiss"]
[EventRounds "1"]
[EventCountry "CAN"]
[SourceTitle "EXT 2022"]
[Source "ChessBase"]
[SourceDate "2021.10.06"]
[SourceVersion "1"]
[SourceVersionDate "2021.10.06"]
[SourceQuality "1"]

1. e4 e6 2. Nc3 d5 3. exd5 exd5 4. d4 c6 5. g3 Bd6 6. Bg2 Ne7 7. Nf3 Bg4 8. Be3 O-O 9. O-O Nd7 10. Qd2 Qc7 11. Ne2 Nf5 12. Bf4 Rfe8 13. Bxd6 Qxd6 14. Rfe1 Re7 15. h3 Bxf3 16. Bxf3 Rae8 17. Nf4 Rxe1+ 18. Rxe1 Rxe1+ 19. Qxe1 Nxd4 20. Qe8+ Nf8 21. Bg4 Nde6 22. Nd3 Qd8 23. Qxd8 Nxd8 24. Bc8 Nfe6 25. c3 Kf8 26. Kf1 Ke7 27. Ke2 Kd6 28. f4 Kc7 29. Bxe6 Nxe6 30. Ne5 f6 31. Nf3 a5 32. b3 b5 33. Kd3 c5 34. Ke3 Kd6 35. g4 g5 36. fxg5 fxg5 37. h4 h6 38. h5 Ng7 39. Nxg5 Ke7 40. Nf3 Kf6 41. a3 Ne6 42. b4 axb4 43. axb4 c4 44. Nd4 Nc7 45. Kf4 Ne6+ 46. Ke3 Nc7 47. Kf3 Kg5 48. Nf5 Ne6 49. Nd6 d4 50. Kg3 dxc3 51. Ne4# 1-0

[Event "Quebec-ch Senior"]
[Site "Montreal CAN"]
[Date "2017.04.22"]
[Round "3"]
[White "Morin, Louis"]
[Black "Kozlov, Guennadi"]
[Result "1/2-1/2"]
[WhiteElo "1912"]
[BlackElo "1740"]
[WhiteFideId "-1"]
[WhiteFideId "-1"]
[PlyCount "104"]
[GameId "2160767908411770"]
[EventDate "2017.04.21"]
[EventType "swiss"]
[EventRounds "1"]
[EventCountry "CAN"]
[SourceTitle "EXT 2022"]
[Source "ChessBase"]
[SourceDate "2021.10.06"]
[SourceVersion "1"]
[SourceVersionDate "2021.10.06"]
[SourceQuality "1"]

1. e4 e6 2. d3 d5 3. Nd2 dxe4 4. dxe4 Nf6 5. Ngf3 Be7 6. Bd3 Nc6 7. O-O Nb4 8. Be2 O-O 9. a3 Nc6 10. Bd3 e5 11. h3 a6 12. Nc4 Nd7 13. b4 b5 14. Ne3 Nb6 15. Bb2 f6 16. c4 bxc4 17. Nxc4 Be6 18. Ne3 Bd6 19. Rc1 Ne7 20. Nc4 Nxc4 21. Bxc4 Bxc4 22. Rxc4 Qb8 23. Qb3 Kh8 24. Nd2 Qb5 25. a4 Qd7 26. Rd1 Rfb8 27. Nf1 Nc6 28. Qc3 Nd4 29. Qd3 Nc6 30. Bc3 Qe8 31. Rb1 Rb6 32. Ne3 Ne7 33. Qc2 Rab8 34. a5 Rb5 35. Qa2 Qf7 36. Be1 Qe6 37. Qc2 h6 38. f3 c5 39. Rc1 cxb4 40. Qb3 Kh7 41. Nc2 Rxa5 42. Nxb4 Rab5 43. Qa4 Bxb4 44. Bxb4 R8b7 45. Bxe7 Rxe7 46. Rc6 Qb3 47. Qxb3 Rxb3 48. Rxa6 Reb7 49. Kh2 Rb2 50. Rac6 Rd2 51. R1c2 Rxc2 52. Rxc2 Ra7 1/2-1/2

[Event "Quebec-ch Senior"]
[Site "Montreal CAN"]
[Date "2017.04.23"]
[Round "4"]
[White "Bergeron, Jean-Guy"]
[Black "Morin, Louis"]
[Result "0-1"]
[WhiteElo "1448"]
[BlackElo "1912"]
[WhiteFideId "-1"]
[WhiteFideId "-1"]
[PlyCount "126"]
[GameId "2160767908411772"]
[EventDate "2017.04.21"]
[EventType "swiss"]
[EventRounds "1"]
[EventCountry "CAN"]
[SourceTitle "EXT 2022"]
[Source "ChessBase"]
[SourceDate "2021.10.06"]
[SourceVersion "1"]
[SourceVersionDate "2021.10.06"]
[SourceQuality "1"]

1. c4 d5 2. cxd5 c6 3. Nf3 cxd5 4. d4 Nf6 5. Nc3 Nc6 6. Bg5 h6 7. Bh4 Bf5 8. e3 Qd7 9. Bb5 e6 10. Ne5 Qc7 11. g4 Bh7 12. Qa4 Rc8 13. Qxa7 Bd6 14. Bxf6 gxf6 15. Nxc6 O-O 16. Na5 Bb4 17. O-O Bxa5 18. Na4 Bd2 19. Nc5 Ra8 20. Qxb7 Qxb7 21. Nxb7 Rfb8 22. Bc6 Ra6 23. Rfc1 Bxc1 24. Rxc1 Rxc6 25. Rxc6 Rxb7 26. b3 Bb1 27. Ra6 Be4 28. h3 Kg7 29. Kh2 Kg6 30. Ra8 h5 31. Kg3 hxg4 32. Rg8+ Kh7 33. Rxg4 Bb1 34. Rh4+ Kg7 35. Rg4+ Kf8 36. h4 Bxa2 37. h5 Ke7 38. Rg8 Bxb3 39. h6 Bc2 40. Rh8 Rb1 41. Kg2 Be4+ 42. f3 Bxf3+ 43. Kxf3 Rh1 44. Kg2 Rh5 45. Kg3 f5 46. Kf4 Kf6 47. h7 Rh4+ 48. Kf3 Kg7 49. Rg8+ Kxh7 50. Rg1 Rh6 51. Kf4 Rg6 52. Ra1 Kg7 53. Ke5 Rg4 54. Ra3 Re4+ 55. Kd6 Kf6 56. Rd3 f4 57. exf4 Rxf4 58. Rd2 Kf5 59. Ke7 Ke4 60. Rd1 Ke3 61. Ra1 Kxd4 62. Ra4+ Ke5 63. Rxf4 Kxf4 0-1

[Event "Quebec-ch Senior"]
[Site "Montreal CAN"]
[Date "2017.04.23"]
[Round "4"]
[White "Blanchette, Rene"]
[Black "Gauthier, Denis"]
[Result "1/2-1/2"]
[WhiteElo "1719"]
[BlackElo "2022"]
[WhiteFideId "-1"]
[WhiteFideId "-1"]
[PlyCount "178"]
[GameId "2160767908411773"]
[EventDate "2017.04.21"]
[EventType "swiss"]
[EventRounds "1"]
[EventCountry "CAN"]
[SourceTitle "EXT 2022"]
[Source "ChessBase"]
[SourceDate "2021.10.06"]
[SourceVersion "1"]
[SourceVersionDate "2021.10.06"]
[SourceQuality "1"]

1. e4 c5 2. Nf3 e6 3. d4 cxd4 4. Nxd4 Nc6 5. Nb5 d6 6. Bf4 e5 7. Be3 a6 8. N5c3 Nf6 9. Bg5 Be7 10. Na3 b5 11. Bxf6 Bxf6 12. Nd5 Bg5 13. c3 O-O 14. Nc2 f5 15. exf5 Bxf5 16. Nce3 Bg6 17. Be2 Rb8 18. a3 Ne7 19. Bg4 Kh8 20. Be6 Qe8 21. Qg4 Bxe3 22. Nxe3 Bd3 23. O-O-O Rf4 24. Qg3 Bc4 25. Rxd6 Bxe6 26. Rxe6 Qf7 27. Rxe7 Qxe7 28. Nd5 Qf7 29. Nxf4 exf4 30. Qd3 a5 31. Rd1 h6 32. Qd6 Re8 33. Qd7 Qh5 34. f3 Qe5 35. Qd4 Qe2 36. Rd2 Qe1+ 37. Kc2 Rf8 38. Qe4 Qg1 39. h3 Qc5 40. Rd4 Qg5 41. Rd2 Qc5 42. Qd5 Qb6 43. Qd6 Qxd6 44. Rxd6 Rb8 45. b3 Kg8 46. Kd3 Kf7 47. Ke4 Rc8 48. Kd3 h5 49. c4 bxc4+ 50. bxc4 Re8 51. Rd5 Re2 52. Rxh5 Rxg2 53. Rf5+ Ke6 54. Rxf4 Ra2 55. Re4+ Kd7 56. Re3 Rh2 57. f4 Rf2 58. Ke4 Rc2 59. Kd5 Rf2 60. Rg3 Rxf4 61. Rxg7+ Kc8 62. c5 Rf5+ 63. Kc6 Rf6+ 64. Kb5 Rf5 65. a4 Rh5 66. Kc6 Rh6+ 67. Kb5 Rh5 68. Rg3 Kc7 69. Rc3 Rh4 70. Kxa5 Kc6 71. Rb3 Kxc5 72. Rb5+ Kc6 73. Rb3 Kc7 74. Kb5 Kb7 75. a5 Rh5+ 76. Ka4+ Ka6 77. Kb4 Rb5+ 78. Kc4 Rg5 79. Kd4 Kxa5 80. Ke4 Ka4 81. Rd3 Kb4 82. Kf4 Rg1 83. h4 Kc4 84. Rg3 Rxg3 85. Kxg3 Kd5 86. Kg4 Ke6 87. Kg5 Kf7 88. Kh6 Kg8 89. Kg6 Kh8 1/2-1/2

[Event "Quebec-ch Senior"]
[Site "Montreal CAN"]
[Date "2017.04.23"]
[Round "4"]
[White "Chira, Dan"]
[Black "Millette, Sylvain"]
[Result "0-1"]
[WhiteElo "1488"]
[BlackElo "1687"]
[WhiteFideId "-1"]
[WhiteFideId "-1"]
[PlyCount "138"]
[GameId "2160767908411774"]
[EventDate "2017.04.21"]
[EventType "swiss"]
[EventRounds "1"]
[EventCountry "CAN"]
[SourceTitle "EXT 2022"]
[Source "ChessBase"]
[SourceDate "2021.10.06"]
[SourceVersion "1"]
[SourceVersionDate "2021.10.06"]
[SourceQuality "1"]

1. d4 Nf6 2. Bf4 g6 3. e3 d5 4. Nc3 c6 5. Bd3 Bg7 6. Qd2 b6 7. Nge2 Ba6 8. Bxa6 Nxa6 9. a3 Nh5 10. Bg3 Nxg3 11. hxg3 f5 12. Nf4 Nc7 13. Qe2 Qd6 14. O-O-O e5 15. Nh3 O-O-O 16. Ng5 Rd7 17. Na2 exd4 18. exd4 h6 19. Nf3 Re7 20. Qd3 Rhe8 21. c3 h5 22. Kb1 Nb5 23. Rhe1 Kb7 24. Rxe7+ Rxe7 25. Re1 a5 26. Rxe7+ Qxe7 27. Nc1 Nd6 28. Nd2 Bh6 29. f4 h4 30. Kc2 Qe1 31. gxh4 Bxf4 32. Qe2 Qxd2+ 33. Qxd2 Bxd2 34. Kxd2 Nc4+ 35. Ke2 Nxb2 36. Kf3 Nc4 37. a4 Nd6 38. Kf4 Nf7 39. Nd3 b5 40. axb5 cxb5 41. g3 Kc7 42. Nc5 a4 43. Na6+ Kd6 44. Nb4 Ke6 45. Nc2 Nd6 46. Na3 Kf6 47. g4 fxg4 48. Kxg4 Kg7 49. h5 g5 50. Nb1 Nc4 51. Kxg5 a3 52. Nxa3 Nxa3 53. Kf5 Nb1 54. Kf4 Nxc3 55. Ke3 Kh6 56. Kd3 Ne4 57. Kc2 Kxh5 58. Kb3 Kg6 59. Kb4 Kf5 60. Kxb5 Nc3+ 61. Kb4 Ne2 62. Kb3 Ke4 63. Kc2 Nxd4+ 64. Kd2 Nf5 65. Ke2 d4 66. Kd1 d3 67. Kd2 Kd4 68. Kd1 Kc3 69. Ke1 Kc2 0-1

[Event "Quebec-ch Senior"]
[Site "Montreal CAN"]
[Date "2017.04.23"]
[Round "4"]
[White "Cote, Claude"]
[Black "Bouchard, Jean-Marc"]
[Result "0-1"]
[WhiteElo "1617"]
[BlackElo "1957"]
[WhiteFideId "-1"]
[WhiteFideId "-1"]
[PlyCount "170"]
[GameId "2160767908411775"]
[EventDate "2017.04.21"]
[EventType "swiss"]
[EventRounds "1"]
[EventCountry "CAN"]
[SourceTitle "EXT 2022"]
[Source "ChessBase"]
[SourceDate "2021.10.06"]
[SourceVersion "1"]
[SourceVersionDate "2021.10.06"]
[SourceQuality "1"]

1. e4 e6 2. d3 b6 3. Nd2 Bb7 4. g3 d5 5. Bg2 c5 6. Qe2 d4 7. f4 Nc6 8. Ngf3 Nf6 9. O-O Be7 10. Nc4 Qc7 11. Bh3 Nd7 12. f5 e5 13. Ncd2 f6 14. Rf2 O-O-O 15. a4 Kb8 16. Nc4 Ba6 17. b3 Ka8 18. Na3 Ndb8 19. Nb5 Bxb5 20. axb5 Nb4 21. Ra4 Bd6 22. Qd1 Qd7 23. Nd2 Qxb5 24. Nc4 Kb7 25. Bd2 N8c6 26. Be1 a5 27. Qa1 Bc7 28. Bf1 Qa6 29. Bxb4 Nxb4 30. Ra3 Nc6 31. Rd2 b5 32. Nb2 Qb6 33. Rd1 Ra8 34. Rc1 Kc8 35. Bh3 Kd7 36. Qa2 Nb4 37. Qa1 Ke7 38. Bf1 Nc6 39. Be2 Bd6 40. Qb1 Rhc8 41. Rf1 c4 42. Ra1 c3 43. Nd1 Nb4 44. Nf2 Ra7 45. Qc1 Rca8 46. g4 Kf8 47. Bd1 Kg8 48. g5 fxg5 49. Qxg5 Be7 50. Qh5 Qh6 51. Qxh6 gxh6 52. Ng4 Nc6 53. Nxh6+ Kg7 54. Ng4 Bg5 55. Rf3 h5 56. Nf2 Be3 57. Rg3+ Kf8 58. Bxh5 a4 59. b4 Nxb4 60. Bd1 Rg7 61. Kf1 Rxg3 62. hxg3 Bxf2 63. Kxf2 Nc6 64. g4 Ke7 65. g5 Rg8 66. g6 Kf6 67. Bf3 Rh8 68. Kg2 Ne7 69. Rb1 Rb8 70. Ra1 Ng8 71. Kg3 Kg7 72. Kh4 Nf6 73. Kg3 Rb7 74. Bd1 Ra7 75. Rb1 Ra5 76. Kh4 a3 77. Ra1 b4 78. Ra2 Ra8 79. Kg3 Nd7 80. Kf2 Nc5 81. Bf3 b3 82. cxb3 Nxd3+ 83. Kf1 Nb4 84. f6+ Kxg6 85. Rg2+ Kxf6 0-1

[Event "Quebec-ch Senior"]
[Site "Montreal CAN"]
[Date "2017.04.23"]
[Round "4"]
[White "Langlois, Jean-Marie"]
[Black "Bureau, Robert"]
[Result "1/2-1/2"]
[WhiteElo "1460"]
[BlackElo "1404"]
[WhiteFideId "-1"]
[WhiteFideId "-1"]
[PlyCount "97"]
[GameId "2160767908411776"]
[EventDate "2017.04.21"]
[EventType "swiss"]
[EventRounds "1"]
[EventCountry "CAN"]
[SourceTitle "EXT 2022"]
[Source "ChessBase"]
[SourceDate "2021.10.06"]
[SourceVersion "1"]
[SourceVersionDate "2021.10.06"]
[SourceQuality "1"]

1. e4 e5 2. Nf3 Nc6 3. Bb5 Nf6 4. d3 d6 5. c4 Bd7 6. O-O Be7 7. h3 O-O 8. Nc3 a6 9. Ba4 h6 10. Nd5 Re8 11. Nxe7+ Nxe7 12. Bxd7 Qxd7 13. Be3 c5 14. Kh1 b5 15. b3 b4 16. Ne1 Ng6 17. Nc2 a5 18. Bd2 Reb8 19. Ne3 Nf4 20. Be1 a4 21. Nd5 N6xd5 22. exd5 axb3 23. axb3 Rxa1 24. Qxa1 Nxd3 25. Bd2 Nf4 26. Bxf4 exf4 27. Qc1 Qf5 28. Qb1 Qxb1 29. Rxb1 Ra8 30. f3 Kf8 31. Kg1 Ra3 32. Rb2 f5 33. Kf2 Kf7 34. g3 fxg3+ 35. Kxg3 g5 36. f4 Kf6 37. h4 Kg6 38. fxg5 hxg5 39. hxg5 Kxg5 40. Kf3 Kg6 41. Kf4 Kf6 42. Re2 Rxb3 43. Re6+ Kf7 44. Kxf5 Rd3 45. Rxd6 b3 46. Rb6 Ke7 47. Ke5 Re3+ 48. Kf4 Rc3 49. Ke5 1/2-1/2

[Event "Quebec-ch Senior"]
[Site "Montreal CAN"]
[Date "2017.04.23"]
[Round "4"]
[White "Lesage, Philippe"]
[Black "Gauthier, Luc"]
[Result "1-0"]
[WhiteElo "1706"]
[BlackElo "1699"]
[WhiteFideId "-1"]
[WhiteFideId "-1"]
[PlyCount "141"]
[GameId "2160767908411777"]
[EventDate "2017.04.21"]
[EventType "swiss"]
[EventRounds "1"]
[EventCountry "CAN"]
[SourceTitle "EXT 2022"]
[Source "ChessBase"]
[SourceDate "2021.10.06"]
[SourceVersion "1"]
[SourceVersionDate "2021.10.06"]
[SourceQuality "1"]

1. c4 f5 2. Nf3 Nf6 3. g3 e6 4. Bg2 Be7 5. O-O O-O 6. Nc3 d6 7. d3 Nc6 8. e4 e5 9. exf5 Bxf5 10. d4 e4 11. Ng5 Qd7 12. Ngxe4 Nxe4 13. Nxe4 Bg4 14. f3 Bh5 15. Be3 d5 16. cxd5 Qxd5 17. Nc3 Qc4 18. Qe2 Qxe2 19. Nxe2 Nb4 20. Bf4 Nd5 21. Rac1 c6 22. Bh3 Bf7 23. Bd2 Bf6 24. Bf5 Ne7 25. Bb1 Rfd8 26. Bc3 Nd5 27. Kf2 Re8 28. Rfe1 Bg5 29. f4 Bf6 30. Ng1 Nxc3 31. bxc3 c5 32. Nf3 Rxe1 33. Rxe1 cxd4 34. cxd4 Rd8 35. Rd1 Bh5 36. d5 Rd6 37. Bf5 Bf7 38. Be4 Bh5 39. h3 Bxf3 40. Kxf3 g6 41. g4 b6 42. Rc1 a5 43. Rc8+ Bd8 44. g5 Kg7 45. Ke3 Rd7 46. Bf3 Be7 47. Ke4 Bc5 48. Bg4 Rd6 49. Be6 h5 50. Rc7+ Kh8 51. Ke5 Rd8 52. Rc8 Bd6+ 53. Kf6 Rxc8 54. Bxc8 Kh7 55. Ke6 Bxf4 56. h4 Bg3 57. Kf6 b5 58. Ba6 b4 59. Bd3 a4 60. Bxg6+ Kg8 61. Bc2 a3 62. Bb3 Kf8 63. Kg6 Bxh4 64. Kxh5 Bg3 65. Kg6 Ke7 66. Kf5 Bd6 67. Kg6 Bg3 68. Kh7 Be5 69. g6 Kf8 70. d6 Bf6 71. d7 1-0

[Event "Quebec-ch Senior"]
[Site "Montreal CAN"]
[Date "2017.04.23"]
[Round "4"]
[White "Rabutki, Dimitri"]
[Black "Molloy, Francis"]
[Result "0-1"]
[WhiteElo "1440"]
[BlackElo "1550"]
[WhiteFideId "-1"]
[WhiteFideId "-1"]
[PlyCount "137"]
[GameId "2160767908411778"]
[EventDate "2017.04.21"]
[EventType "swiss"]
[EventRounds "1"]
[EventCountry "CAN"]

1. e4 c5 2. Bc4 e6 3. Nc3 Nc6 4. d3 a6 5. Nge2 b5 6. Bb3 Bb7 7. O-O Nf6 8. Bg5 Be7 9. a3 Nxe4 10. Nxe4 Bxg5 11. Nxc5 Qc7 12. f4 Bf6 13. f5 Nd4 14. Ne4 Bxe4 15. dxe4 Nxb3 16. cxb3 Bxb2 17. Ra2 Be5 18. Ng3 Bxg3 19. hxg3 O-O 20. Rf3 Rac8 21. Rd3 Rfd8 22. Rad2 Qa7+ 23. Kh2 Rc7 24. Qh5 Qc5 25. Qh4 Qf8 26. g4 exf5 27. Rh3 h6 28. exf5 f6 29. b4 Qe7 30. Rhd3 Qe5+ 31. Kh3 Rc1 32. Rd1 Rxd1 33. Rxd1 Qe3+ 34. Qg3 Qxg3+ 35. Kxg3 Kf7 36. Rd6 Ke7 37. Rxa6 d5 38. Re6+ Kd7 39. Kf4 Rc8 40. Re3 Rc4+ 41. Kf3 Kd6 42. Re6+ Kd7 43. Re3 Kd6 44. Ke2 Rxg4 45. Re6+ Kd7 46. Kf3 Rg5 47. g4 h5 48. Rb6 Rxg4 49. Rxb5 Kc6 50. Rc5+ Kd6 51. Ra5 Rc4 52. Ra6+ Ke5 53. b5 Rc3+ 54. Ke2 h4 55. a4 h3 56. Kf2 d4 57. a5 h2 58. Kg2 Rc2+ 59. Kh1 d3 60. Ra7 d2 61. Rd7 Rc1+ 62. Kxh2 d1=Q 63. Rxd1 Rxd1 64. b6 Rb1 65. a6 Kxf5 66. a7 Rxb6 67. a8=Q Rb2+ 68. Kg3 Rb3+ 69. Kh4 0-1